00330nam a2200133Ia 4500008004100000041001200041082001900053100003300072245002700105250001200132260002700144300000900171650001600180231217s9999 xx 000 0 und d aEnglish a621.381 HOR;1 aHorowitz, PaulHill, Winfield 4aThe art of electronics a2nd ed. c1992bFoundation Books a1125 aElectronics